000 00589nam a2200193Ia 4500
005 20250508150703.0
008 008 250505s9999 xx 000 0 eng d
037 _aTextual
040 _aFEDL
_beng
_cFEDL
041 _aeng
_2eng
084 _a372, FOR
_qFEDL
100 _aForest Ilse
245 0 _aEarly years at school : A textbook for students of early childhood education
260 _aNew York, USA
_bMcGraw-Hill Book Company
_c1949
300 _axiii,381p.
490 _aMcGraw-Hill series in education
942 _cTEXL
_h372, FOR
999 _c1325055
_d1325055